LEADER 01474nam0 22003251i 450 001 UON00282229 005 20231205103842.15 100 $a20061019d1937 |0itac50 ba 101 $ager 102 $aIT 105 $a||||e ||||| 200 1 $aˆDie ‰Aneignung des deutschen Wortschatzes$eauf Grund der starken und unregelmassigen Zeitworter, ihrer Zusammensetzungen, Abteilungen und verwandten Stamme ... / Ernst Levy 205 $aGenova : Scuola Tipografica Artigianelli$bstampa 1937 210 $a506 p.$a25 cm 215 $aIn cop.: Der deutsche Sprachschatz. 606 $aDizionari$3UONC025592$2FI 606 $aDizionari tedeschi$3UONC035392$2FI 606 $aLingua tedesca$xDizionari, glossari, etc.$3UONC006105$2FI 606 $aLingua tedesca$xGlossari$3UONC060612$2FI 606 $aLingua tedesca$xVerbi$xDizionari$3UONC060303$2FI 620 $aIT$dGenova$3UONL000144 676 $a438$cUso (Linguistica applicata, Linguistica prescrittiva) del tedesco standard.$v21 700 1$aLEVY$bErnst$3UONV163422$0237513 712 $aScuola Tipografica Artigianelli$3UONV272356$4650 801 $aIT$bSOL$c20251003$gRICA 899 $aSIBA - SISTEMA BIBLIOTECARIO DI ATENEO$2UONSI 912 $aUON00282229 950 $aSIBA - SISTEMA BIBLIOTECARIO DI ATENEO$dSI S.C VI DIZ 040 $eSI ST 5891 7 040 996 $aAneignung des deutschen Wortschatzes$91245106 997 $aUNIOR